Introducción a la vida cívica

Salvato in:
Dettagli Bibliografici
Autore principale: Williams Benavente, Jaime (Autore)
Altri autori: Dougnac Rodríguez, Antonio (autor)
Natura: Libro
Lingua:spagnolo
Pubblicazione: Santiago Universitaria 1986
Edizione:3a. ed
Serie:Colección manuales y monografías
Soggetti:
Tags: Aggiungi Tag
Nessun Tag, puoi essere il primo ad aggiungerne!!

MARC

LEADER 00000nam a2200000 a 4500
001 UCP2822
003 CL-VaPUC
008 990531e19860000CL |||||||||||||||||spa|d
082 0 4 |a 342.02  |b WIL  |2 21 
100 0 |a Williams Benavente, Jaime  |e author  |9 429809 
700 |a Dougnac Rodríguez, Antonio  |e autor  |9 480180 
245 1 0 |a Introducción a la vida cívica 
250 |a 3a. ed 
300 |a 198 p 
942 |c BK 
945 |d 19990531 00:00:00  |a lriquelm 
260 |a Santiago  |b Universitaria  |c 1986 
600 0 7 |a CONSTITUCION POLITICA DE 1980  |2 CL-VaPUC  |9 255131 
650 0 |a Educación cívica  |9 314665 
650 0 |a Libros de texto  |9 270019 
650 0 |a Fuentes del derecho   |9 255162 
651 7 |a CHILE  |2 CL-VaPUC  |9 429811 
583 |a last modification  |c 19990531 00:00:00  |k Rodrigo Vera 
490 0 |a Colección manuales y monografías 
999 |c 281292  |d 281290 
952 |0 0  |1 0  |4 0  |6 342_020000000000000_WIL_1986  |7 0  |8 A  |9 321997  |a BIBHIS  |b BIBHIS  |d 2019-11-20  |i 1360809  |o 342.02 WIL 1986  |p 1360809  |r 2025-01-20  |w 2019-11-20  |y BK  |k HIS